Cyrano de Bergerac and the polemics of modernity /

Spremljeno u:
Bibliografski detalji
Glavni autor: Harth, Erica
Format: Knjiga
Jezik:engleski
Izdano: New York : Columbia Univ., c1970.
Teme:
Oznake: Dodaj oznaku
Bez oznaka, Budi prvi tko označuje ovaj zapis!

MARC

LEADER 00000cam a22000002a 4500
001 0000005330
003 DAYSTAR
005 20171002014343.0
008 030703s1970 nyu 001 0 eng d
020 |a 23103301X 
040 |a Daystar 
040 |d Nmicheni 
050 0 0 |a PQ1793  |b .H3 
100 1 |a Harth, Erica. 
245 1 0 |a Cyrano de Bergerac and the polemics of modernity /  |c Erica Harth. 
260 |a New York :  |b Columbia Univ.,  |c c1970. 
300 |a vi, 288 p. 
650 0 |a Cyrano de Bergerac, 1619-1655  |x Criticism and interpretation. 
908 |a 060412 
942 |c G 
952 |0 0  |1 0  |4 0  |6 PQ_1793_000000000000000_H3  |7 0  |9 1136  |a DUA  |b DUA  |c GC  |d 2017-09-28  |l 0  |o PQ1793.H3  |p BK017704  |r 2017-09-28 00:00:00  |w 2017-09-28  |x 43153  |y G 
999 |c 736  |d 736